Modesty Blaise M.b. La bellissima che uccide

محفوظ في:
التفاصيل البيبلوغرافية
المؤلف الرئيسي: Peter O0donnell
التنسيق: كتاب
اللغة:لغة غير معروفة
منشور في: Garzanti
الوسوم: إضافة وسم
لا توجد وسوم, كن أول من يضع وسما على هذه التسجيلة!

MARC

LEADER 00000nam a2200000Ia 4500
001 R-558
003 CODICE-MESSINA
005 20260212102453.0
008 260211s9999 xx 000 0 und d
040 |c importazione_messina 
100 |a Peter O0donnell 
245 0 |a Modesty Blaise 
245 0 |b M.b. La bellissima che uccide 
260 |b Garzanti 
942 |2 ddc  |c BK 
952 |0 0  |1 0  |2 ddc  |4 0  |6 SCAFFALE_5_000000000000000__ROMANZI  |7 0  |9 31379  |a ME  |b ME  |d 2026-02-11  |l 0  |o SCAFFALE 5 - ROMANZI  |p R-558  |r 2026-02-11 23:52:31  |w 2026-02-11  |x [REVISIONARE]  |y BK 
999 |c 27044  |d 27044